| 000 | 00546nam a2200205Ia 4500 | ||
|---|---|---|---|
| 008 | 160319s9999 xx 000 0 und d | ||
| 245 | _aRugrats print shop / | ||
| 260 | _bViacom International Inc. | ||
| 260 | _c1998 | ||
| 300 | _a1 video disc : | ||
| 300 | _bsound, colored ; | ||
| 300 | _c4 3/4 in. | ||
| 440 | _aRugrats. | ||
| 650 | _aComputer graphics -- | ||
| 650 | _aComputer graphics. | ||
| 650 | _aGreeting cards -- | ||
| 650 | _aGreeting cards. | ||
| 650 | _xInteractive multimedia. | ||
| 650 | _xInteractive multimedia. | ||
| 999 |
_c292712 _d292712 |
||